000 00769nam a22002297a 4500
003 UA-OsUOA
001 129309
007 ta
008 20180226b un ||||| |||| 00| 0 ukr d
100 _aПентилюк М.
700 _aГайдаєнко І.
090 _a81
_bП25
942 _cSA
040 _aUA-OsUOA
_bukr
_cUA-OsUOA
_dUA-OsUOA
245 _aСамостійна робота студентів як засіб лінгводидактичної підготовки майбутніх учителів української мови
300 _aС.21-28
955 _a0
041 _aukr
080 _a81
773 0 _w129308
650 7 _a8 Мовознавство. Художня література. Літературознавство
_2UDC
999 _c417150
_d417150